Angels & demons : one actor's Hollywood journey : an autobiography /

Kaydedildi:
Detaylı Bibliyografya
Yazar: Stricklyn, Ray (Yazar)
Materyal Türü: Kitap
Dil:İngilizce
Baskı/Yayın Bilgisi: Los Angeles : Bell Publishing, [c1999]
Etiketler: Etiketle
Etiket eklenmemiş, İlk siz ekleyin!

MARC

LEADER 00000nam a22000007i 4500
001 IT\ICCU\UBO\2250172
003 ItRI
005 20260115231831.0
008 030717s1999 xxu|||||| ||||| |||||c
020 |a 096496354X 
040 |b ita  |c importazione bologna sebina 
041 7 |a eng  |2 ISO-639-2 
100 1 |a Stricklyn, Ray  |0 IT\ICCU\UBOV\813965  |4 aut 
245 1 0 |a Angels & demons :  |b one actor's Hollywood journey : an autobiography /  |c by Ray Stricklyn. 
260 |a Los Angeles :  |b Bell Publishing,  |c [c1999] 
300 |a XIII, 297 p. :  |b ill. ;  |c 24 cm. 
942 |2 ddc  |c BK  |n 0 
952 |0 0  |1 0  |4 0  |6 DOC_791_430000000000000_STR  |7 0  |9 13793  |a BO  |b BO  |d 2026-01-15  |i 7466  |l 0  |o DOC 791.430 STR  |p BO7466  |r 2026-01-15 23:18:31  |w 2026-01-15  |x [Sebina 5] [1 v.]  |y BK  |z 1 v. 
999 |c 11869  |d 11869